000
00421nam a22001337a 4500
003
SGT
020
_a
978817458180
082
_a
891.4309
_b
M08J
100
_a
जगमोहन, सरला
245
_a
महादेवभाई की डायरी एवं अन्य लेख
260
_b
राष्ट्रीय गाँधी संग्राहलय
_c
2008
300
_a
539
942
_2
ddc
_c
BK
999
_c
31417
_d
31417